000 00506nam a2200205 a 4500
999 _c7958
_d7958
001 7958
003 BD-JhCC
005 20180215183217.0
008 180215s1952 uk |||| |||| 000 0 eng d
035 _a(BD-JhCC)
040 _aBD-JhCC
_dBD-JhCC
041 _aeng
082 _a320.01
_bSKE 1952
100 _aSkemp, J. B.
245 _aPlato's Statesman /
_cJ. B. Skemp
260 _aLondon:
_bRoutledge & Kegan Paul,
_c1952
300 _a243 p;,
_c22 cm
650 _aPolitical Science
942 _2ddc
_cBK